MARC details
| 000 -BAŞLIK |
| Sabit Uzunlukta Kontrol Alanı |
01174na a2200301 4500 |
| 001 - KONTROL NUMARASI |
| Denetim Alanı |
24072 |
| 003 - KONTROL NUMARASI IDENTIFIER |
| Denetim Alanı |
MIRAKIL |
| 005 - SON İŞLEM TARİHİ VE ZAMANI |
| Denetim Alanı |
20181213155329.0 |
| 008 - SABİT-BOY VERİ ELEMANLARI - GENEL BİLGİLER |
| Sabit Uzunlukta Kontrol Alanı |
180312b tu 000 0 |
| 040 ## - KATALOGLAMA KAYNAK |
| Orijinal Kataloglama Ajansı |
Milas |
| Kataloglama Dili |
tur |
| Metne Dönüştürmek Ajansı |
TR-AnCHP |
| 041 ## - DİL KODU |
| Metin / Ses Parça Veya Ayrı Başlığın Dil Kodu |
tur |
| 082 ## - DEWEY ONLU SINIFLANDIRMA NUMARASI |
| Sınıflandırma Numarası |
320.5315 |
| Ürün Numarası |
S67 [t.y.] |
| 090 ## - SINIFLAMA NUMARASI |
| Sınıflama Numarası |
320.5315 S67 [t.y.] |
| 245 ## - BAŞLIK TABLOSU |
| Başlık |
Sosyal demokrat düşünce atölyeleri |
| Başlığın Kalan |
Eğitim -2 |
| 246 ## - UNVAN FORM VARYING |
| Başlık Doğru / Kısa Başlığı |
Eğitim -2 |
| 260 ## - YAYIN, DAĞITIM, VB |
| Yayın, Dağıtım, Vb Yeri |
[y.y.] |
| Yayıncı, Dağıtıcı, Vs Adı |
[yayl.y.] |
| Yayın, Dağıtım, Vb Tarihi |
[t.y.] |
| 300 ## - FİZİKSEL TANIM |
| Kapsam |
krş. s. (yaklaşık 70 s.) |
| Diğer Fiziksel Ayrıntıları |
tbl. |
| Boyutlar |
30 sm. |
| 505 ## - BİÇİMLENDİRİLDİ İÇİNDEKİLER NOT |
| Biçimlendirilmiş İçeriği Dikkat |
21.yüzyıla doğru Türkiye; geleceğe dönük bir atılım stratejisi --/ 7. Beş yıllık kalkınma planı --/ 7. Beş yıllık kalkınma planı öncesinde sosyal sektörlerdeki gelişmeler 1990-1994 |
| 650 ## - KONU KATMA GİRİŞ - TOPİKAL DÖNEM |
| Topikal Süreli Veya Coğrafi Ad Giriş Elemanı |
Eğitim politikaları |
| 650 ## - KONU KATMA GİRİŞ - TOPİKAL DÖNEM |
| Topikal Süreli Veya Coğrafi Ad Giriş Elemanı |
Eğitim |
| Genel Alt Bölümü |
Türkiye |
| 650 ## - KONU KATMA GİRİŞ - TOPİKAL DÖNEM |
| Topikal Süreli Veya Coğrafi Ad Giriş Elemanı |
Sosyal demokrasi |
| Genel Alt Bölümü |
Türkiye |
| 650 ## - KONU KATMA GİRİŞ - TOPİKAL DÖNEM |
| Topikal Süreli Veya Coğrafi Ad Giriş Elemanı |
Siyaset ve yönetim |
| Genel Alt Bölümü |
Türkiye |
| 740 ## - KATMA GİRİŞ - KONTROLSUZ İLGİLİ / ANALİTİK BAŞLIK |
| Kontrol Edilmeyen / İlgili Analitik Başlıktaki |
7. Beş yıllık kalkınma planı öncesinde sosyal sektörlerdeki gelişmeler 1990-1994 |
| 740 ## - KATMA GİRİŞ - KONTROLSUZ İLGİLİ / ANALİTİK BAŞLIK |
| Kontrol Edilmeyen / İlgili Analitik Başlıktaki |
7. Beş yıllık kalkınma planı |
| 740 ## - KATMA GİRİŞ - KONTROLSUZ İLGİLİ / ANALİTİK BAŞLIK |
| Kontrol Edilmeyen / İlgili Analitik Başlıktaki |
21.yüzyıla doğru Türkiye; geleceğe dönük bir atılım stratejisi |
| 740 ## - KATMA GİRİŞ - KONTROLSUZ İLGİLİ / ANALİTİK BAŞLIK |
| Kontrol Edilmeyen / İlgili Analitik Başlıktaki |
Eğitim-2 |
| 942 ## - EKLENDİ GİRİŞ ELEMANLARI (KOHA) |
| Sınıflandırma Veya Raf Düzeni Kaynak |
Dewey Decimal Classification |
| Koha Öğesi Türü |
Books |
| 999 ## - SİSTEM KONTROL NUMARALARI (KOHA) |
| Koha Biblionumber |
10636 |
| Koha Biblioitemnumber |
10636 |